000 00639nam a2200241Ia 4500
001 51606
005 20240114005233.0
007 ta
008 091028s2007 g b000 u 465 u
040 _aCotton College Assam
041 _a465
082 _a940.27
_bTh 35 Eu
100 _aThomson, David .
245 0 _aEurope Since Napoleon /
_cDavid Thomson.
_hTextual Documents
250 _a2nd ed /
260 _aDelhi :
_bSurjeet Publications ,
_c2007.
300 _a909pg ;
_c23cm.
653 _aHistory-Europe Since Napoleon
653 _aMS-History
942 _2ddc
_cBK
999 _c51571
_d51571